00786nam a2200205Ia 4500001001000000003000500010008004100015010001100056040000900067100002800076245017400104260003400278300001000312502010600322650003200428650002100460650002800481650002100509710005000530Para_9502CHAP220125s2008 xx 000 0 und d a208176 cCHAP aCortes Hidalgo, Gustavo aManejo de Puccinia horiana Henn. en crisantemo (Dendranthema grandiflora Tzvelev) en Tepoztlán, Morelos., con inductores de resistencia /c por Gustavo Hidalgo Cortes aChapingo, Méx. :b el autor a48 h. aTesis (Ing. Agr. Esp. en Parasitología Agrícola) -- UACh. Departamento Parasitología Agrícola aCrisantemo x enfermedades  aFitopatología  aHongos fitopatógenos  aPuccinia horiana aUACh. Departamento Parasitología Agrícola